Loading...
| Literature - World | 0 | 7 | 1 | 1 | 65 | 39 | 82.43 | 1 | 5 | 0.00 | 0.00 |
| Science - Biology | 0 | 6 | 0 | 0 | 60 | 21 | 52.33 | 1 | 4 | 0.00 | 0.00 |
| Science - Other | 0 | 5 | 1 | 1 | 45 | 43 | 77.40 | 0 | 1 | 0.00 | 0.00 |
| Fine Arts - Painting and Sculpture | 0 | 6 | 3 | 0 | 45 | 33 | 69.67 | 2 | 5 | 0.00 | 0.00 |
| Social Science | 0 | 4 | 0 | 0 | 40 | 63 | 72.00 | 0 | 2 | 0.00 | 0.00 |
| History - Other | 0 | 4 | 0 | 0 | 40 | 27 | 61.00 | 1 | 3 | 0.00 | 0.00 |
| Literature - American | 0 | 4 | 0 | 0 | 40 | 77 | 95.75 | 0 | 1 | 0.00 | 0.00 |
| Literature - European | 0 | 4 | 0 | 0 | 40 | 44 | 68.00 | 0 | 1 | 0.00 | 0.00 |
| Religion | 0 | 4 | 0 | 1 | 40 | 53 | 75.00 | 1 | 1 | 0.00 | 0.00 |
| Fine Arts - Classical Music | 0 | 4 | 1 | 0 | 35 | 56 | 81.25 | 1 | 2 | 0.00 | 0.00 |
| Science - Chemistry | 0 | 4 | 1 | 0 | 35 | 20 | 82.75 | 0 | 1 | 0.00 | 0.00 |
| History - World | 0 | 4 | 1 | 1 | 35 | 68 | 84.75 | 0 | 0 | 0.00 | 0.00 |
| Philosophy | 0 | 3 | 0 | 0 | 30 | 40 | 44.33 | 2 | 2 | 0.00 | 0.00 |
| Mythology | 0 | 3 | 0 | 1 | 30 | 76 | 88.67 | 0 | 1 | 0.00 | 0.00 |
| Literature - British | 0 | 3 | 1 | 1 | 25 | 92 | 93.33 | 0 | 0 | 0.00 | 0.00 |
| Fine Arts - Other | 0 | 4 | 3 | 0 | 25 | 40 | 65.75 | 1 | 3 | 0.00 | 0.00 |
| History - American | 0 | 3 | 2 | 1 | 20 | 83 | 96.33 | 1 | 1 | 0.00 | 0.00 |
| Popular Culture | 0 | 2 | 0 | 1 | 20 | 29 | 57.50 | 0 | 1 | 0.00 | 0.00 |
| Science - Physics | 0 | 1 | 0 | 0 | 10 | 62 | 62.00 | 0 | 0 | 0.00 | 0.00 |
| Current Events | 0 | 1 | 0 | 0 | 10 | 55 | 55.00 | 0 | 0 | 0.00 | 0.00 |
| History - European | 0 | 2 | 2 | 1 | 10 | 74 | 79.50 | 0 | 0 | 0.00 | 0.00 |
| Geography | 0 | 1 | 0 | 0 | 10 | 61 | 61.00 | 1 | 1 | 0.00 | 0.00 |